Statistics for Dallas Mavericks All Stars: NBA

Click here to take the quiz!

General Stats

  • This quiz has been taken 12 times
  • The average score is 7 of 10

Answer Stats

CareerCareer With MavericksAll StarsPlayer% Correct
1999-20191999-201914xDirk Nowitzki
100%
1995-20131995-1997, 2008-201210xJason Kidd
100%
2019-2019-5xLuka Doncic
100%
2012-2023-8xKyrie Irving
91%
1982-19941982-19893xMark Aguirre
82%
1982-19941982-19924xRolando Blackman
73%
1997-20141999-20048xSteve Nash
73%
1996-20101997-20052xMichael Finley
36%
1992-200219971xChris Gatling
0%
2004-2013`2004-20101xJosh Howard
0%

Score Distribution

Percentile by Number Answered

Percent of People with Each Score

Your Score History

You have not taken this quiz